| Tag |
First Indicator |
Second Indicator |
Subfields |
| LEADER |
00000cam a2200000Ia 4500 |
| 001 |
in00003530352 |
| 005 |
20160209105409.0 |
| 008 |
141202t20142014no ab b 001 0 eng d |
| 035 |
|
|
|a (OCoLC)ocn899279303
|
| 040 |
|
|
|a AUD
|e rda
|c AUD
|d BWK
|d CDX
|d UAB
|d YDX
|
| 020 |
|
|
|a 9788232104147
|
| 020 |
|
|
|a 8232104147
|
| 043 |
|
|
|a e-no---
|
| 049 |
|
|
|a TXAM
|
| 050 |
|
4 |
|a DL446
|b .R49 2014
|
| 082 |
0 |
|
|a 948.1
|2 23
|
| 245 |
0 |
0 |
|a Rex insularum :
|b the King of Norway and his 'Skattlands' as a political system, c. 1260-c. 1450 /
|c Steinar Imsen (ed.).
|
| 264 |
|
1 |
|a Bergen, Norway :
|b Fagbokforlaget,
|c [2014].
|
| 264 |
|
4 |
|c ©2014.
|
| 300 |
|
|
|a 438 pages :
|b chiefly color illustrations, color maps ;
|c 34 cm.
|
| 336 |
|
|
|a text
|b txt
|2 rdacontent
|
| 337 |
|
|
|a unmediated
|b n
|2 rdamedia
|
| 338 |
|
|
|a volume
|b nc
|2 rdacarrier
|
| 504 |
|
|
|a Includes bibliographical references and index.
|
| 651 |
|
0 |
|a Norway
|x History
|y 1030-1397.
|
| 651 |
|
0 |
|a Norway
|x History
|y 1397-1814.
|
| 700 |
1 |
|
|a Imsen, Steinar,
|d 1944-
|
| 945 |
|
|
|a PromptCat
|b 240789
|
| 946 |
|
|
|a stk
|
| 947 |
|
|
|a A14842877913
|
| 948 |
|
|
|a cataloged
|b h
|c 2016/2/9
|d c
|e dmitchel
|f 10:50:40 am
|
| 994 |
|
|
|a 92
|b TXA
|
| 999 |
f |
f |
|s baa31bdd-2332-3b67-b05b-6cb6e3f50642
|i 4be88e01-b552-38de-8c1b-406c926ed01f
|t 0
|
| 952 |
f |
f |
|p ric
|a Texas A&M University
|b Rellis Campus
|c Joint Library Facility
|s JLF
|d Remote Storage
|t 0
|e DL446 .R49 2014
|f Oversize
|h Library of Congress classification
|i unmediated -- volume
|m A14842877913
|
| 998 |
f |
f |
|a DL446 .R49 2014
|t 0
|l Remote Storage
|